000
00275nam a2200109Ia 4500
008
190912s9999||||xx |||||||||||||| ||und||
100
_a
Mem Kamal O.K.
245
0
_a
Tehreek-i-Khilafat : 1924-1919
260
_a
Karachi
_b
Quaid-e-Azam Academy
_c
1991
300
_a
296
942
_c
BK
999
_c
7345
_d
7345